书目信息 |
| 题名: |
中国高中生新新记叙文精品大全
|
|
| 作者: | 王世斌 编辑 | |
| 分册: | ||
| 出版信息: | 长春 吉林教育出版社 2002 |
|
| 页数: | 453页 | |
| 开本: | 20cm | |
| 丛书名: | 小作家文库 | |
| 单 册: | ||
| 中图分类: | H152.1 | |
| 科图分类: | ||
| 主题词: | 汉语--写作 , 汉语--修辞 | |
| 电子资源: | ||
| ISBN: | 7-5383-4051-3 | |
| 000 | 00644nam0 2200241 450 | |
| 001 | 0761257131 | |
| 005 | 20070710172358.43 | |
| 010 | @a7-5383-4051-3@dCNY15.80 | |
| 100 | @a20070706d2002 km y0chiy0120 ea | |
| 101 | 0 | @achi |
| 102 | @aCN@b220000 | |
| 200 | 1 | @a中国高中生新新记叙文精品大全@f王世斌编辑@Fwang shi bin bian ji |
| 205 | @a2版 | |
| 210 | @a长春@c吉林教育出版社@d2002 | |
| 215 | @a453页@d20cm | |
| 225 | 2 | @a小作家文库 |
| 410 | 0 | @12001 @a小作家文库 |
| 606 | 0 | @a汉语@x写作 |
| 606 | 0 | @a汉语@x修辞 |
| 690 | @aH152.1@v3 | |
| 701 | 0 | @a王世斌@Awang shi bin@4编辑 |
| 801 | 0 | @aCN@bPFT@c20070710 |
| 905 | @a10447@dH152.1@e405=2 | |
| 中国高中生新新记叙文精品大全/王世斌编辑.-2版.-长春:吉林教育出版社,2002 |
| 453页;20cm.-(小作家文库) |
| ISBN 7-5383-4051-3:CNY15.80 |
| ● |
| 相关链接 |
|
|
|
|
正题名:中国高中生新新记叙文精品大全
索取号:H152.1/405=2
 
预约/预借
| 序号 | 登录号 | 条形码 | 馆藏地/架位号 | 状态 | 备注 |
| 1 | 0766708 | 207667087 | 第二样本阅览室/ [索取号:H152.1/405=2] | 在馆 | |
| 2 | 0768099 | 207680990 | 第四借阅区/ [索取号:H152.1/405=2] | 在馆 |